000 00487nam a22001817a 4500
003 OSt
005 20180116183006.0
008 150806b xxu||||| |||| 00| 0 eng d
020 _a9789332518285
040 _c0
082 _28th
_a332.6323 FAB 2014
100 _aFrank J. Fabozzi
245 _aBond Markets Analysis and Strategies
_cFrank J. Fabozzi
260 _aIndia
_bPearson
_c2014
300 _a699 p.
_bPB
440 _aBond Markets Analysis and Strategies
942 _2ddc
_cBK
999 _c350050
_d350050